The autobiography of Andrew Carnegie : (Record no. 7318)
[ view plain ]
| 000 -LEADER | |
|---|---|
| fixed length control field | 01262cam a2200337 a 4500 |
| 001 - CONTROL NUMBER | |
| JCCL Control Number | 7318 |
| 003 - CONTROL NUMBER IDENTIFIER | |
| JCCL marc code | BD-JhCC |
| 005 - DATE AND TIME OF LATEST TRANSACTION | |
| control field | 20180325123423.0 |
| 008 - FIXED-LENGTH DATA ELEMENTS--GENERAL INFORMATION | |
| fixed length control field | 070316s2006 nyu 000 0aeng d |
| 020 ## - INTERNATIONAL STANDARD BOOK NUMBER | |
| International Standard Book Number | 0451530381 (pbk.) |
| 035 ## - SYSTEM CONTROL NUMBER | |
| system control number | (OCoLC)ocm74823252 |
| 035 ## - SYSTEM CONTROL NUMBER | |
| system control number | (BD-JhCC)7318 |
| 040 ## - CATALOGING SOURCE | |
| Original cataloging agency | BKL |
| Transcribing agency | BKL |
| Modifying agency | DLC |
| -- | (OCoLC)74823252 |
| 041 ## - LANGUAGE CODE | |
| Language code of Book | eng |
| 050 00 - LIBRARY OF CONGRESS CALL NUMBER | |
| Classification number | CT275.C3 |
| Item number | A3 2006 |
| 082 00 - DEWEY DECIMAL CLASSIFICATION NUMBER | |
| Classification number | 338.7/672092 |
| -- | B |
| DDC Edition number | 22 |
| Author mark and Year | CAR 2006 |
| 100 1# - MAIN ENTRY--PERSONAL NAME | |
| Personal name | Carnegie, Andrew, |
| Dates associated with a name | 1835-1919. |
| 245 14 - TITLE STATEMENT | |
| Title | The autobiography of Andrew Carnegie : |
| Remainder of title | and, The gospel of wealth / |
| Statement of responsibility, etc | Andrew Carnegie ; with a new introduction by Gordon Hutner. |
| 246 3# - VARYING FORM OF TITLE | |
| Title proper/short title | Gospel of wealth |
| 260 ## - PUBLICATION, DISTRIBUTION, ETC. (IMPRINT) | |
| Place of publication, distribution, etc | New York : |
| Name of publisher, distributor, etc | Signet Classics, |
| Date of publication, distribution, etc | c2006. |
| 300 ## - PHYSICAL DESCRIPTION | |
| Pagination | xvi, 336 p. ; |
| Dimensions | 18 cm. |
| 600 10 - SUBJECT ADDED ENTRY--PERSONAL NAME | |
| Personal name | Carnegie, Andrew, |
| Dates associated with a name | 1835-1919. |
| 650 #0 - SUBJECT ADDED ENTRY--TOPICAL TERM | |
| Topical term or geographic name as entry element | Industrialists |
| Geographic subdivision | United States |
| Form subdivision | Biography. |
| 650 #0 - SUBJECT ADDED ENTRY--TOPICAL TERM | |
| Topical term or geographic name as entry element | Philanthropists |
| Geographic subdivision | United States |
| Form subdivision | Biography. |
| 700 12 - ADDED ENTRY--PERSONAL NAME | |
| Personal name | Carnegie, Andrew, |
| Dates associated with a name | 1835-1919. |
| Title of a work | Gospel of wealth. |
| 740 02 - | |
| Uncontrolled related/analytical title | Gospel of wealth. |
| 856 42 - ELECTRONIC LOCATION AND ACCESS | |
| Materials specified | Contributor biographical information |
| Uniform Resource Identifier | http://www.loc.gov/catdir/enhancements/fy0718/2007272799-b.html |
| 856 42 - ELECTRONIC LOCATION AND ACCESS | |
| Materials specified | Publisher description |
| Uniform Resource Identifier | http://www.loc.gov/catdir/enhancements/fy0718/2007272799-d.html |
| 942 ## - ADDED ENTRY ELEMENTS (KOHA) | |
| Source of classification or shelving scheme | Dewey Decimal Classification |
| Koha item type | Books |
| Source of classification or shelving scheme | Damaged status | Not for loan | Home library | Current library | Shelving location | Total Checkouts | Full call number | Barcode | Date last seen | Copy number | Koha item type |
|---|---|---|---|---|---|---|---|---|---|---|---|
| Dewey Decimal Classification | JCC Rouf Library | JCC Rouf Library | General Stacks | 338.7/672092 CAR 2006 | 9939 | 02/07/2018 | C - 1 | Books |